000 00306 a2200133 4500
005 20250626155102.0
020 _a0-9693593-9-X
082 _a332.024 WAT
100 _aWATTERS, G. G.
245 _aFinancial Pursuit
260 _aNew York,
_bFKI,
_c1996.
300 _a270p.;
_bIndex
_c26cm.
942 _2ddc
_cBKS
999 _c5432
_d5432